00709nam a2200181 i 450000100060000000300090000600500170001500700030003200800410003510000230007624500880009926000900018730000330027750000900031071000580040071000380045885200310049682743ES-MaACL20240527195142.0t|041111s1954 sp ||||1| spa d1 aIdoate, Florencio.14aLas fortificaciones de Pamplona a partir de la conquistas de Navarra / cF. Idoate. aPamplona : bDiputación Foral de Navarra, Institución Príncipe de Viana,c1954. a100 h., 25 lám. ; c27 cm. aEs separata de: Revista Príncipe de Viana. Año XV (1954) Nos LIV y LV. P. 57-154.1 aNavarra (Comunidad Autónoma). bDiputación Foral.2 aInstitución Príncipe de Viana aES-MaACLjC-9179 bR.36865